Statistics for Most and Least Religiously Diverse Countries

Click here to take the quiz!

General Stats

  • This quiz has been taken 31 times
  • The average score is 14 of 30

Answer Stats

DeviationCountry% Correct
21.63%Iraq
86%
21.63%Iran
82%
13.72%China
79%
21.86%Morocco
71%
21.65%Yemen
71%
21.56%Algeria
64%
21.77%Tunisia
64%
21.83%Afghanistan
61%
14.10%Malaysia
61%
21.86%Mauritania
61%
14.45%Qatar
61%
21.87%Somalia
61%
14.31%Australia
57%
21.88%Vatican City
54%
14.80%North Korea
50%
8.20%Singapore
46%
13.40%Vietnam
46%
21.72%Papua New Guinea
36%
11.11%Taiwan
36%
21.70%Comoros
32%
21.82%Timor-Leste
32%
13.78%Mozambique
29%
14.50%Benin
25%
14.48%Sri Lanka
25%
14.11%Togo
25%
14.90%Cote d'Ivoire
21%
21.60%Tonga
21%
21.77%Romania
18%
12.30%Suriname
18%
14.64%Guinea-Bissau
14%

Score Distribution

Percentile by Number Answered

Percent of People with Each Score

Your Score History

You have not taken this quiz